000 00309nam a2200121Ia 4500
008 190216s9999||||xx |||||||||||||| ||und||
100 _aSamuel H Maron &carl F Prutton
245 0 _aPrinciples Of Physical Chemistry
260 _bOxford & I B H
_c1958
300 _a886p
650 _aChemistry
942 _cBK
999 _c2028
_d2028